000 00629nam a22002057a 4500
003 OSt
005 20221102154554.0
008 221006b |||||||| |||| 00| 0 eng d
020 _a978-986-01-3898-6
040 _cBiblioteca Lado V
082 _a750
_bD948l
100 _9282
_aDuran, Joan
_ecurador
245 _aLanding 8/
260 _aTaiwan
_bTaipei Fine Art Museum
_c2008
300 _a143p.
_c17x23cm
650 _2Tesauro de Arte & Arquitectura
_aARTE
650 _2Tesauro de Arte & Arquitectura
_aCATALOGO
651 _2Tesauro de Arte & Arquitectura
_aTAIWAN
942 _2ddc
_c1
_h750
_iD948l
_n0
999 _c2462
_d2462